LEADER 00782nam a2200205 i 4500 001 000000229939 003 CaOOAMICUS 005 20140521000000.0 008 140521s2008 it u000 u ita u 013 $a208841 040 $aSeMil$bita 100 1 $aNogaro, Raffaele,$c.$0(OLS)http://semarc/name/35003 245 10$aHo amato la mia gente /$cRaffaele Nogaro. 260 $aCaserta :$bEdizioni Saletta dell'Uva,$c2008. 300 $a230 p. ;$c22 cm. 850 $aSeMil 852 $aSeMil$W1$xVenegono$y1$m3F III 588$j180285$B180285$CSeMilBibl$Z2$F191995 $81 961 $aOmaggio: Perego don Stefano 996 $6245$aHo amato la mia gente$9(OLS)http://semarc/title/328726 996 $6260$aCaserta :$bEdizioni Saletta dell'Uva$9(OLS)http://semarc/publisher/50077 LEADER 01124nam a2200241 i 4500 001 000000178302 003 CaOOAMICUS 005 20260423163043.0 008 090316s1908 it u000 u fre u 040 $aSeMil$bita 100 1 $aGebhart, Émile,$d<1839-1908>.$0(OLS)http://semarc/name/36156 240 12$aL'Italie mystique :$bhistoire de la Renaissance religieuse au Moyen Age.$0(OLS)http://semarc/title/120080 245 12$aL'Italie mystique :$bhistoire de la Renaissance religieuse au Moyen Age /$cÉmile Gebhart. 250 $asixième éditions. 264 1$aParis :$bHachette,$c1908. 300 $aVII, 331 p. ;$c19 cm. 650 4$aItalia - Storia religiosa - Medioevo.$0(OLS)http://semarc/subject/14903 650 4$aReligione - Italia - Medioevo.$0(OLS)http://semarc/subject/15104 850 $aSeMil 852 $aSeMil$W1$xVenegono$y1$m3A I 164$j129087$B129087$CSeMilBibl$Z2$F140229 $81 996 $6245$aL'Italie mystique :$bhistoire de la Renaissance religieuse au Moyen Age$9(OLS)http://semarc/title/256073 996 $6264$aParis :$bHachette$9(OLS)http://semarc/publisher/35394